| 000 | 00508nam a2200157 i 4500 | ||
|---|---|---|---|
| 001 | 37260 | ||
| 003 | ES-MaACL | ||
| 005 | 20230906155532.0 | ||
| 007 | t| | ||
| 008 | 030220s1952 sp ||||1| spa d | ||
| 100 | 1 |
_aBueno Bengoechea, Manuel. _932389 |
|
| 245 | 1 | 0 |
_aPalabras al viento _b: selección de los mejores artÃculos y ensayos / _cManuel Bueno. |
| 260 |
_aBilbao : _bJunta de Cultura de Vizcaya, _c1952 ( _fEditorial Vizcaina) |
||
| 300 |
_a286 p. ; _c22 cm. |
||
| 852 |
_aES-MaACL _jC-56595 _bR.89232 |
||
| 999 |
_c37260 _d37260 |
||